World Economy and International Business Theories, Trends, and Challenges

Uložené v:
Podrobná bibliografia
Ďalší autori: Bulatov, Alexander
Médium: Kniha
Jazyk:English
Vydavateľské údaje: Cham Springer 2023
Predmet:
Tagy: Pridať tag
Žiadne tagy, Buďte prvý, kto otaguje tento záznam!

MARC

LEADER 00000nam a2200000 4500
001 0302819
005 20240806084242.0
020 |a 978-3-031-20330-5 
041 0 |a eng 
044 |a CH 
245 1 0 |a World Economy and International Business  |b Theories, Trends, and Challenges  |c editor: Alexander Bulatov 
264 1 |a Cham  |b Springer  |c 2023 
300 |a 830 s. 
610 2 0 |a hospodárstvo svetové 
610 2 0 |a podnikanie medzinárodné 
610 2 0 |a prostredie podnikateľské 
610 2 0 |a obchod medzinárodný 
610 2 0 |a trh svetový 
610 2 0 |a marketing medzinárodný 
700 1 |a Bulatov, Alexander